Countries With King Cobras 🐍 - Statistics

General Stats
  • This quiz has been taken 393 times
    33 since last reset
  • The average score is 12 of 15
Answer Stats
Country % Correct
India
94%
China
90%
Indonesia
90%
Bangladesh
87%
Cambodia
84%
Laos
84%
Malaysia
84%
Myanmar
84%
Thailand
84%
Vietnam
84%
Nepal
81%
Bhutan
77%
Singapore
77%
Brunei
68%
Philippines
55%
No matching quizzes found
Score Distribution
Percent of People with Each Score
Percentile by Number Answered
Your Score History
You have not taken this quiz since the last reset